Pakistan Librarinship / (Record no. 195253)
[ view plain ]
| 000 -LEADER | |
|---|---|
| fixed length control field | 00791 a2200169 4500 |
| 003 - CONTROL NUMBER IDENTIFIER | |
| control field | NUST |
| 005 - DATE AND TIME OF LATEST TRANSACTION | |
| control field | 20221205124827.0 |
| 040 ## - CATALOGING SOURCE | |
| Transcribing agency | Nust |
| 082 ## - DEWEY DECIMAL CLASSIFICATION NUMBER | |
| Classification number | 027,PAK |
| 100 ## - MAIN ENTRY--PERSONAL NAME | |
| Personal name | Malik, Sain Muhammad |
| 9 (RLIN) | 104133 |
| 245 ## - TITLE STATEMENT | |
| Title | Pakistan Librarinship / |
| Statement of responsibility, etc. | Sain Muhammad Malik |
| 260 ## - PUBLICATION, DISTRIBUTION, ETC. | |
| Place of publication, distribution, etc. | Peshawar |
| Name of publisher, distributor, etc. | Pakistan Library Association |
| Date of publication, distribution, etc. | 1982 |
| 300 ## - PHYSICAL DESCRIPTION | |
| Extent | ix,240 p .: |
| 505 ## - FORMATTED CONTENTS NOTE | |
| Formatted contents note | Presidents and secretary generals (Page-1), Role of university library (Page-39), University library standards for Pakistan (Page-65), Role of college library (Page-82), Role of public library (Page-107), Role of national library (Page-119), Library services to disabled persons (Page-136), Code of professional ethics for librarians in Pakistan (Page-143). |
| 650 ## - SUBJECT ADDED ENTRY--TOPICAL TERM | |
| Topical term or geographic name entry element | Librarinship |
| 9 (RLIN) | 104134 |
| 942 ## - ADDED ENTRY ELEMENTS (KOHA) | |
| Source of classification or shelving scheme | |
| Koha item type | Book |
| Call number prefix | 027,PAK |
| Withdrawn status | Lost status | Source of classification or shelving scheme | Damaged status | Not for loan | Permanent Location | Current Location | Shelving location | Date acquired | Full call number | Barcode | Date last seen | Price effective from | Koha item type | Public note |
|---|---|---|---|---|---|---|---|---|---|---|---|---|---|---|
| Military College of Signals (MCS) | Military College of Signals (MCS) | General Stacks | 12/12/2016 | 027,PAK | MCS1331 | 12/08/2016 | 12/12/2016 | Book | Almirah No.46, Shelf No.1 |
